00336nam a2200133Ia 45000030006000000080041000060400015000471000013000622450053000752500010001282600035001385460012001730050017001850STCL150530s9999 xx 000 0 und d aSTCLcSTCL aRichards aCritical criticism a study of literary judgement aFirst bRoutledge and Kegan Paulc1952 aEnglish20220125170905.0